[Event "XIII TCh-RUS 1st League"]
[Site "Sochi RUS"]
[Date "2006.04.20"]
[Round "1"]
[White "Gutov,A"]
[Black "Bryzgalin,K"]
[Result "0-1"]
[WhiteElo "2417"]
[BlackElo "2473"]
[EventDate "2006.04.20"]

1. d4 d5 2. c4 c6 3. Nc3 Nf6 4. e3 a6 5. Qc2 Bg4 6. cxd5 cxd5 7. Qb3 Ra7 8.
h3 Bc8 9. Nf3 e6 10. Bd3 Nc6 11. O-O b5 12. Qd1 Be7 13. b3 O-O 14. Bb2 Rc7
15. Rc1 Bb7 16. Ne5 Qb8 17. f4 g6 18. Qf3 Qa8 19. Nxc6 Bxc6 20. Rf2 Rfc8
21. Rfc2 Qb7 22. Qf1 Qb6 23. a4 Bd7 24. axb5 axb5 25. Nb1 Rxc2 26. Rxc2
Rxc2 27. Bxc2 b4 28. Nd2 Ne8 29. Bd3 Nd6 30. Qe2 Bb5 31. Bxb5 Nxb5 32. Qd3
Qc6 33. Kh2 Bd6 34. g3 Be7 35. Nf3 f6 36. g4 Nd6 37. Nd2 Kg7 38. Kg3 h5 39.
Kf2 hxg4 40. hxg4 Qc8 41. Kg3 Qh8 42. Qf1 g5 43. fxg5 fxg5 44. Nf3 Qh7 45.
Qe2 Qh1 46. Nd2 Qg1+ 47. Kf3 Bf6 48. Nf1 Qh1+ 49. Qg2 Qh7 50. Qe2 Qe4+ 51.
Kf2 Qb1 52. Ng3 Kg8 53. Qd2 Be7 54. Kf3 Ne4 55. Qe2 Nf6 56. Qd2 Kf7 57. Qc1
Qd3 58. Qc7 Qd1+ 0-1

[Event "XIII TCh-RUS 1st League"]
[Site "Sochi RUS"]
[Date "2006.04.20"]
[Round "1"]
[White "Shuraev,A"]
[Black "Pilavov,G"]
[Result "1/2-1/2"]
[WhiteElo "2390"]
[BlackElo "2550"]
[EventDate "2006.04.20"]

1. c4 b6 2. Nc3 e6 3. e4 Bb7 4. Nf3 Bb4 5. Qc2 Nf6 6. e5 Ng4 7. h3 Nh6 8.
a3 Bxc3 9. dxc3 Bxf3 10. Bxh6 gxh6 11. gxf3 f6 12. Qd2 Nc6 13. Qxh6 Nxe5
14. f4 Nf7 15. Qg7 Qe7 16. Be2 h5 17. Rg1 O-O-O 18. O-O-O f5 19. b4 c5 20.
Qg2 Kc7 21. Qf3 a5 22. Kc2 Ra8 23. Kb3 cxb4 24. axb4 Ra7 25. Ra1 Rha8 26.
Qe3 axb4 27. Rxa7+ Rxa7 28. cxb4 h4 29. Qd4 e5 30. fxe5 Nxe5 31. Qf4 Qd6
32. Rd1 Qf6 33. Bd3 d6 34. Qxf5 Qd8 35. Be4 Qe8 36. Rg1 Qa4+ 37. Kc3 Qa3+
38. Kd4 Qb2+ 39. Kd5 Nd7 40. Ke6 Qd4 41. Ke7 Nf6 42. Rg7 Kb8+ 43. Kd8 Qxc4
44. Rxa7 Kxa7 45. Qxf6 Qxe4 46. Qxd6 Ka6 47. f4 Qf5 48. Qd4 Qxh3 49. Qc4+
Ka7 50. Qc7+ Ka6 51. Qc4+ Ka7 1/2-1/2

[Event "XIII TCh-RUS 1st League"]
[Site "Sochi RUS"]
[Date "2006.04.20"]
[Round "1"]
[White "Khlian,E"]
[Black "Siuniakov,I"]
[Result "1-0"]
[WhiteElo "2474"]
[BlackElo "2305"]
[EventDate "2006.04.20"]

1. d4 Nf6 2. c4 g6 3. Nf3 Bg7 4. g3 O-O 5. Bg2 d6 6. O-O Nbd7 7. Qc2 e5 8.
Rd1 exd4 9. Nxd4 Re8 10. Nc3 c6 11. Bf4 Ng4 12. Ne4 Qb6 13. e3 d5 14. cxd5
cxd5 15. Nd6 Rf8 16. Rac1 g5 17. Qf5 Nxf2 18. Kxf2 gxf4 19. Nxc8 fxe3+ 20.
Ke2 Raxc8 21. Rxc8 Rxc8 22. Qxd7 Rd8 23. Qg4 Qxb2+ 24. Kxe3 Re8+ 25. Kf3 h5
26. Qg5 Re5 27. Qd2 Qb6 28. Bh3 Qg6 29. Kg2 Re4 30. Nf5 Bf6 31. Qxd5 Re5
32. Qxe5 Bxe5 33. Ne7+ Kg7 34. Nxg6 fxg6 35. Rd7+ 1-0

[Event "XIII TCh-RUS 1st League"]
[Site "Sochi RUS"]
[Date "2006.04.21"]
[Round "2"]
[White "Pokazanjev,N"]
[Black "Lastin,A"]
[Result "0-1"]
[WhiteElo "2479"]
[BlackElo "2610"]
[EventDate "2006.04.20"]

1. e4 c6 2. d4 d5 3. exd5 cxd5 4. c4 Nf6 5. Nc3 e6 6. Nf3 Bb4 7. cxd5 Nxd5
8. Bd2 O-O 9. Bd3 Nc6 10. O-O Be7 11. h4 Bxh4 12. g3 Bf6 13. Kg2 Nxd4 14.
Rh1 g6 15. Bh6 Nxf3 16. Bxf8 Ne5 17. Be4 Nxc3 18. Qxd8 Bxd8 19. bxc3 Kxf8
20. Rxh7 Bf6 21. Rd1 Rb8 22. f4 Nc4 23. Rd3 Kg8 24. Rh1 e5 25. Bd5 b5 0-1

[Event "XIII TCh-RUS 1st League"]
[Site "Sochi RUS"]
[Date "2006.04.21"]
[Round "2"]
[White "Rustemov,A"]
[Black "Nevostrujev,V"]
[Result "1/2-1/2"]
[WhiteElo "2565"]
[BlackElo "2471"]
[EventDate "2006.04.20"]

1. c4 g6 2. g3 Bg7 3. Bg2 Nf6 4. Nc3 O-O 5. d4 d6 6. Nf3 Nbd7 7. O-O e5 8.
e4 exd4 9. Nxd4 Re8 10. h3 Nc5 11. Re1 a5 12. Rb1 c6 13. Bf4 a4 14. Re2 h6
15. Nc2 Nfd7 16. Bxd6 a3 17. b4 Bxc3 18. bxc5 Qa5 19. Rb3 Bb2 20. Nb4 Nxc5
21. Bxc5 Qxc5 22. Nd3 Qxc4 23. Nxb2 axb2 24. Rbxb2 Be6 25. Rxb7 Rxa2 26.
Rxa2 Qxa2 27. Qc1 h5 28. Qxc6 Rc8 29. Qb6 h4 30. Rb8 hxg3 31. Rxc8+ Bxc8
32. Qd8+ Kg7 33. Qd4+ Kg8 34. fxg3 Be6 35. Qf6 Qd2 36. Kh2 Qe3 37. Qf4 Qxf4
38. gxf4 f6 39. h4 Kg7 40. Kg3 Bb3 41. Bf3 Bc2 42. Kf2 g5 43. hxg5 1/2-1/2

[Event "XIII TCh-RUS 1st League"]
[Site "Sochi RUS"]
[Date "2006.04.21"]
[Round "2"]
[White "Gutov,A"]
[Black "Bocharov,D"]
[Result "0-1"]
[WhiteElo "2417"]
[BlackElo "2559"]
[EventDate "2006.04.20"]

1. d4 Nf6 2. c4 e6 3. Nc3 Bb4 4. e3 b6 5. Nge2 Ne4 6. Qc2 Bb7 7. a3 Bxc3+
8. Nxc3 Nxc3 9. Qxc3 O-O 10. b3 d6 11. Bb2 Nd7 12. f3 f5 13. Be2 Qh4+ 14.
g3 Qh6 15. O-O-O Rae8 16. h3 e5 17. d5 f4 18. Rdg1 fxe3 19. Kb1 c6 20. Bc1
cxd5 21. cxd5 Bxd5 0-1

[Event "XIII TCh-RUS 1st League"]
[Site "Sochi RUS"]
[Date "2006.04.21"]
[Round "2"]
[White "Ovetchkin,R"]
[Black "Isupov,Vl"]
[Result "1-0"]
[WhiteElo "2548"]
[BlackElo "2421"]
[EventDate "2006.04.20"]

1. d4 Nf6 2. c4 d6 3. Nf3 g6 4. Nc3 Bg7 5. e4 O-O 6. h3 c5 7. d5 e6 8. Bd3
exd5 9. exd5 Re8+ 10. Be3 Na6 11. O-O Nc7 12. a4 Na6 13. Rc1 Nb4 14. Bb1 a6
15. Qd2 Bd7 16. Bh6 b5 17. b3 bxc4 18. bxc4 Nh5 19. Bxg7 Kxg7 20. Ne4 Bf5
21. Ng3 Bxb1 22. Rxb1 Nxg3 23. fxg3 Ra7 24. Kh2 h5 25. Rxb4 Rae7 26. Rb2
1-0

[Event "XIII TCh-RUS 1st League"]
[Site "Sochi RUS"]
[Date "2006.04.21"]
[Round "2"]
[White "Shuraev,A"]
[Black "Maletin,P"]
[Result "1/2-1/2"]
[WhiteElo "2390"]
[BlackElo "2541"]
[EventDate "2006.04.20"]

1. c4 c5 2. g3 Nc6 3. Bg2 g6 4. Nc3 Bg7 5. Nf3 e5 6. O-O d6 7. a3 a5 8. Ne1
Be6 9. d3 Nge7 10. Nc2 d5 11. cxd5 Nxd5 12. Ne3 Nde7 13. Nc4 O-O 14. Be3 b6
15. Rb1 Rb8 16. Nb5 Qd7 17. a4 Nd5 18. Bd2 h6 19. Qb3 Kh7 20. Rbd1 Ndb4 21.
Bc3 f5 22. f4 Nd4 23. Nxd4 exd4 24. Bxb4 cxb4 25. Qa2 Rfe8 26. b3 Bxc4 27.
dxc4 Re3 28. Rf3 Qe7 29. Rxe3 Qxe3+ 30. Kf1 Re8 31. Qc2 Qe7 32. Rd3 Qf6 33.
Bd5 Bf8 34. Rf3 1/2-1/2

[Event "XIII TCh-RUS 1st League"]
[Site "Sochi RUS"]
[Date "2006.04.21"]
[Round "2"]
[White "Lysyj,I"]
[Black "Siuniakov,I"]
[Result "1-0"]
[WhiteElo "2527"]
[BlackElo "2305"]
[EventDate "2006.04.20"]

1. d4 Nf6 2. c4 g6 3. Nc3 Bg7 4. e4 O-O 5. Nf3 c6 6. h3 d5 7. e5 Ne4 8. Be3
Qa5 9. Qb3 b6 10. cxd5 Nxc3 11. bxc3 cxd5 12. Bd2 Ba6 13. c4 dxc4 14. Bxc4
Bxc4 15. Qxc4 Qa3 16. e6 f5 17. Rc1 a5 18. O-O Na6 19. Rc3 Qd6 20. a3 Ra7
21. g3 b5 22. Qxb5 Nc7 23. Qc4 Qxe6 24. Qc5 Nd5 25. Qxa7 Nxc3 26. Bxc3 Qc6
27. Ng5 Qxc3 28. Qxe7 Qc4 29. Ne6 Rf7 30. Qe8+ Bf8 31. Re1 f4 32. gxf4 Qd5
33. Re3 Rf6 34. Nxf8 Rxf8 35. Qe5 Rd8 36. Qxd5+ Rxd5 37. Rd3 Kf7 38. Kg2
Ke6 39. Kf3 Rb5 40. Rc3 Kd5 41. Ke3 Kd6 42. Ke4 Rh5 43. a4 Rh4 44. Rc5 Rxh3
45. Rxa5 Rh1 46. Ra6+ Kd7 47. f5 Rh4+ 48. Ke5 gxf5 49. f4 Rh1 50. Ra7+ Kc6
51. d5+ Kb6 52. Rf7 h5 53. Kd6 h4 54. Rxf5 Rf1 55. Kd7 Rf2 56. d6 h3 57.
a5+ Kb7 58. Rh5 h2 59. f5 Re2 60. f6 Rf2 61. Rh7 Ka6 62. Kc7 Rc2+ 63. Kd8
Kxa5 64. f7 Rf2 65. Rxh2 1-0

[Event "XIII TCh-RUS 1st League"]
[Site "Sochi RUS"]
[Date "2006.04.21"]
[Round "2"]
[White "Zakhartsov,V"]
[Black "Burmakin,V"]
[Result "1-0"]
[WhiteElo "2547"]
[BlackElo "2541"]
[EventDate "2006.04.20"]

1. e4 b6 2. d4 Bb7 3. Bd3 e6 4. Nf3 c5 5. c3 d6 6. O-O Be7 7. Qe2 Nf6 8. e5
Nfd7 9. exd6 Bxd6 10. Na3 cxd4 11. Nb5 Nc5 12. Nxd6+ Qxd6 13. Bb5+ Nbd7 14.
Rd1 d3 15. Qe5 Qxe5 16. Nxe5 Ke7 17. Nxd7 Nxd7 18. Bxd3 Ne5 19. Be2 Rhd8
20. Bf4 Nc6 21. f3 f6 22. h4 Rac8 23. Kf2 e5 24. Be3 Rxd1 25. Rxd1 Na5 26.
Bd3 Nc4 27. Bc1 Nd6 28. Bxh7 Rh8 29. Bg6 Rxh4 30. b3 Ke6 31. Ba3 Nb5 32.
Bf8 Rh6 33. Be8 Ba6 34. a4 Nc7 35. Rd6+ Kf5 36. Bf7 Rh8 37. Bxg7 Ne8 38.
Rxf6+ Nxf6 39. Bxh8 Nd7 40. Ke3 Bb7 41. g4+ Kg5 42. Be8 Nf6 43. Bxf6+ 1-0

[Event "XIII TCh-RUS 1st League"]
[Site "Sochi RUS"]
[Date "2006.04.21"]
[Round "2"]
[White "Goloshchapov,A"]
[Black "Panarin,M"]
[Result "1-0"]
[WhiteElo "2556"]
[BlackElo "2491"]
[EventDate "2006.04.20"]

1. e4 c6 2. d4 d5 3. Nc3 dxe4 4. Nxe4 Bf5 5. Ng3 Bg6 6. h4 h6 7. Nf3 Nd7 8.
h5 Bh7 9. Bd3 Bxd3 10. Qxd3 e6 11. Bf4 Qa5+ 12. Bd2 Qc7 13. O-O-O O-O-O 14.
Ne4 Ngf6 15. g3 Nxe4 16. Qxe4 Be7 17. Qe2 Rhe8 18. Kb1 Kb8 19. c4 c5 20.
Bf4 Bd6 21. Ne5 Nxe5 22. dxe5 Be7 23. Bd2 Rd7 24. Bc3 Red8 25. Qf3 Rxd1+
26. Rxd1 Rxd1+ 27. Qxd1 Qc6 28. f3 Kc8 29. Qd3 Bd8 30. a3 Qd7 31. Qxd7+
Kxd7 32. Kc2 g6 33. g4 gxh5 34. gxh5 Bg5 35. Kd3 Bc1 36. Kc2 Bf4 37. Kd3 b6
38. Ke4 Bc1 39. f4 a5 40. a4 Ke7 41. b3 Kf8 42. Be1 Ke8 43. Bh4 Bd2 44. Bf6
Kf8 45. Bd8 Ke8 46. Bxb6 Bb4 47. Bc7 Kf8 48. Bd6+ Kg8 49. f5 Kg7 50. f6+
Kg8 51. Kd3 Ba3 52. Kc2 Bb4 53. Kb2 Kh8 54. Bf8 Kh7 55. Kc2 Ba3 56. Kb1 Bb4
57. Kb2 Kg8 58. Bxh6 Kh7 59. Be3 Kg8 60. Kc2 Kh7 61. Kd3 Kg8 62. Bd2 1-0

[Event "XIII TCh-RUS 1st League"]
[Site "Sochi RUS"]
[Date "2006.04.21"]
[Round "2"]
[White "Bachin,V"]
[Black "Kryakvin,D"]
[Result "1/2-1/2"]
[WhiteElo "2490"]
[BlackElo "2472"]
[EventDate "2006.04.20"]

1. e4 c5 2. Nc3 Nc6 3. g3 g6 4. Bg2 Bg7 5. d3 d6 6. f4 e6 7. Nf3 Nge7 8.
O-O O-O 9. Bd2 b6 10. Rb1 Bb7 11. Ne2 f5 12. Bc3 e5 13. fxe5 dxe5 14. exf5
Nxf5 15. Bd2 Ncd4 16. Nc3 Nxf3+ 17. Bxf3 Bxf3 18. Rxf3 Qd7 19. Ne4 Nd4 20.
Rxf8+ Rxf8 21. Kg2 c4 22. Bc3 Nf5 23. Qe2 cxd3 24. Qxd3 1/2-1/2

[Event "XIII TCh-RUS 1st League"]
[Site "Sochi RUS"]
[Date "2006.04.21"]
[Round "2"]
[White "Batsanin,D"]
[Black "Karpov,Va"]
[Result "1/2-1/2"]
[WhiteElo "2441"]
[BlackElo "2391"]
[EventDate "2006.04.20"]

1. e4 e6 2. d4 d5 3. Nd2 dxe4 4. Nxe4 Bd7 5. Nf3 Bc6 6. Ng3 Nd7 7. Bd3 Ngf6
8. O-O Be7 9. b3 O-O 10. Bb2 Re8 11. c4 Bxf3 12. Qxf3 c6 13. Rad1 Qc7 14.
Bb1 Rad8 15. Rfe1 Nf8 16. h4 Rd7 17. h5 h6 18. Ne4 Nxe4 19. Rxe4 Bf6 20.
Rg4 Qd8 21. Qg3 Qb8 22. Qf3 Qd8 23. Qg3 Qb8 24. Qf3 Qd8 25. Qg3 Qb8 1/2-1/2

[Event "XIII TCh-RUS 1st League"]
[Site "Sochi RUS"]
[Date "2006.04.21"]
[Round "2"]
[White "Kosyrev,V"]
[Black "Belozerov,A"]
[Result "1/2-1/2"]
[WhiteElo "2546"]
[BlackElo "2538"]
[EventDate "2006.04.20"]

1. d4 Nf6 2. c4 e6 3. Nf3 b6 4. Nc3 Bb7 5. a3 d5 6. Bg5 Be7 7. Qa4+ Bc6 8.
Qb3 dxc4 9. Qxc4 O-O 10. e3 a6 11. Be2 b5 12. Qd3 Nbd7 13. O-O Bb7 14. b4
a5 15. Qxb5 axb4 16. axb4 Rb8 17. Qc4 Bxf3 18. Bxf3 Rxb4 1/2-1/2

[Event "XIII TCh-RUS 1st League"]
[Site "Sochi RUS"]
[Date "2006.04.21"]
[Round "2"]
[White "Maslak,K"]
[Black "Kazhgaleyev,M"]
[Result "1/2-1/2"]
[WhiteElo "2549"]
[BlackElo "2600"]
[EventDate "2006.04.20"]

1. e4 e5 2. Nf3 Nc6 3. Bb5 a6 4. Ba4 Nf6 5. O-O b5 6. Bb3 Bc5 7. c3 d6 8.
a4 Bg4 9. d3 Rb8 10. h3 Bh5 11. Nbd2 O-O 12. Re1 b4 13. a5 bxc3 14. bxc3
Na7 15. Bc4 Nb5 16. Qc2 c6 17. Bb2 Re8 18. d4 exd4 19. cxd4 Bb4 20. Re3 d5
21. Bxb5 cxb5 22. e5 Nd7 23. Qb3 Bxa5 1/2-1/2

[Event "XIII TCh-RUS 1st League"]
[Site "Sochi RUS"]
[Date "2006.04.21"]
[Round "2"]
[White "Dobrov,V"]
[Black "Kolesnikov,E"]
[Result "1-0"]
[WhiteElo "2510"]
[BlackElo "2381"]
[EventDate "2006.04.20"]

1. d4 d5 2. c4 e6 3. Nc3 c6 4. e4 dxe4 5. Nxe4 Bb4+ 6. Bd2 Qxd4 7. Bxb4
Qxe4+ 8. Be2 Na6 9. Bd6 b6 10. Nf3 Bb7 11. O-O Rd8 12. Ng5 Qf5 13. f4 Ne7
14. Re1 Qf6 15. Bh5 O-O 16. Bxf7+ Rxf7 17. Rxe6 Nf5 18. Rxf6 Rxf6 19. Qh5
Rdxd6 20. Qxh7+ Kf8 21. Re1 Ne7 22. Qe4 Rd7 23. Nh7+ Ke8 24. Nxf6+ gxf6 25.
Qg6+ Kd8 26. Qxf6 1-0

[Event "XIII TCh-RUS 1st League"]
[Site "Sochi RUS"]
[Date "2006.04.21"]
[Round "2"]
[White "Yurtaev,L"]
[Black "Skorchenko,D"]
[Result "1-0"]
[WhiteElo "2519"]
[BlackElo "2473"]
[EventDate "2006.04.20"]

1. e4 e6 2. d4 d5 3. Nd2 c5 4. Ngf3 Nc6 5. exd5 exd5 6. Bb5 cxd4 7. O-O Bd6
8. Nb3 Nge7 9. Nbxd4 O-O 10. Bg5 Qc7 11. Re1 Ng6 12. Ba4 a6 13. Bb3 h6 14.
Be3 Rd8 15. h3 Be7 16. c3 Na5 17. Bc2 Nc4 18. Bxg6 fxg6 19. Qc2 g5 20. Re2
Bf6 21. Rae1 Qf7 22. Nf5 Bxf5 23. Qxf5 Re8 24. Bc5 Rxe2 25. Rxe2 Rd8 26. g4
b6 27. Bd4 Bxd4 28. Nxd4 Qxf5 29. Nxf5 Kf8 30. Re6 Nxb2 31. Rxb6 Nd1 32.
Rc6 Rb8 33. Rxa6 Nxc3 34. a4 Rb1+ 35. Kg2 Ra1 36. a5 Nb5 37. Rb6 g6 38.
Rb8+ Kf7 39. Nxh6+ Kg7 40. Rxb5 Kxh6 41. Rxd5 Ra3 42. Re5 Ra1 43. Kf3 1-0

[Event "XIII TCh-RUS 1st League"]
[Site "Sochi RUS"]
[Date "2006.04.21"]
[Round "2"]
[White "Danin,A"]
[Black "Davidov,R"]
[Result "1-0"]
[WhiteElo "2432"]
[BlackElo "2267"]
[EventDate "2006.04.20"]

1. e4 c5 2. Nf3 e6 3. d4 cxd4 4. Nxd4 Nf6 5. Nc3 Nc6 6. Ndb5 d6 7. Bf4 e5
8. Bg5 a6 9. Na3 b5 10. Bxf6 gxf6 11. Nd5 Bg7 12. c3 f5 13. exf5 Bxf5 14.
Nc2 Be6 15. a4 O-O 16. axb5 axb5 17. Rxa8 Qxa8 18. Nc7 Qa2 19. Bxb5 Qxb2
20. O-O Bb3 21. Qxd6 Qxc3 22. Bxc6 Qxc2 23. Ne8 Qg6 24. Qc5 f5 25. Nxg7
Qxg7 26. f3 Kh8 27. Re1 Rc8 28. Qe3 Bg8 29. Bb5 f4 30. Qxe5 Qxe5 31. Rxe5
Rc1+ 32. Kf2 Rc2+ 33. Be2 Bc4 34. g3 fxg3+ 35. hxg3 Kg7 36. f4 h6 37. Kf3
Bf7 38. Bb5 Kf6 39. Ba6 Rb2 40. Rc5 1-0

[Event "XIII TCh-RUS 1st League"]
[Site "Sochi RUS"]
[Date "2006.04.21"]
[Round "2"]
[White "Raetsky,A"]
[Black "Kuligin,E"]
[Result "1/2-1/2"]
[WhiteElo "2414"]
[BlackElo "2334"]
[EventDate "2006.04.20"]

1. d4 Nf6 2. c4 g6 3. Nc3 Bg7 4. e4 d6 5. Be2 O-O 6. Bg5 c5 7. d5 h6 8. Be3
e6 9. Qd2 exd5 10. exd5 Kh7 11. h3 Re8 12. Bd3 Na6 13. Nge2 Bd7 14. O-O Nc7
15. Bf4 Bf8 16. a4 Na6 17. Ng3 Nb4 18. Bb1 Ng8 19. Nge4 Qc7 20. g4 a6 21.
Ra3 f5 22. Ng3 fxg4 23. h4 h5 24. Nxh5 Bf5 25. Ng3 Bxb1 26. Rxb1 Nf6 27.
Bg5 Nh5 28. Nxh5 gxh5 29. Qf4 Bg7 30. Qf5+ Kg8 31. Ne4 Nc2 32. Nf6+ Bxf6
33. Bxf6 Qh7 34. Qg5+ Kf7 35. Rb3 Nb4 36. Rf1 Qg6 37. Qxg6+ Kxg6 38. Bg5
Re4 39. f3 Rxc4 40. Re3 Nxd5 41. Re6+ Kf5 42. Rxd6 Rd4 43. fxg4+ Ke5 44.
Rd7 Rxg4+ 45. Kh2 b5 46. Rd1 Rd4 47. Re1+ Re4 48. Rd1 Rd4 49. Re1+ Re4 50.
Rd1 1/2-1/2

[Event "XIII TCh-RUS 1st League"]
[Site "Sochi RUS"]
[Date "2006.04.21"]
[Round "2"]
[White "Pogromsky,M"]
[Black "Sergienko,S"]
[Result "1/2-1/2"]
[WhiteElo "2363"]
[BlackElo "2456"]
[EventDate "2006.04.20"]

1. d4 d5 2. c4 c6 3. Nc3 Nf6 4. e3 g6 5. Nf3 Bg7 6. Be2 O-O 7. O-O a6 8.
Ne5 b5 9. cxd5 cxd5 10. Qb3 Qd6 11. Bf3 Bb7 12. Bd2 Ne4 13. Rfd1 Nxd2 14.
Rxd2 e6 15. a4 b4 16. Na2 a5 17. Nd3 Nd7 18. Qd1 Ba6 19. Nac1 Rfc8 20. Nb3
Bxd3 21. Rxd3 Qc6 22. Rd2 Nb6 23. Nc5 Bf8 24. Nd3 Bd6 25. b3 Qb7 26. Nc1
Rc7 27. Raa2 Rac8 28. Rac2 Nd7 29. Be2 Nf6 30. Bd3 Ne4 31. Bxe4 dxe4 32.
Na2 Kg7 33. Qc1 Rc6 34. Rxc6 Rxc6 35. Qd1 Qc7 36. g3 Be7 37. Kg2 h5 38. Qb1
f5 39. Qd1 Bf6 40. d5 exd5 41. Rxd5 Kh6 42. Rd7 Qe5 43. Ra7 Rc7 44. Rxc7
Qxc7 1/2-1/2

[Event "XIII TCh-RUS 1st League"]
[Site "Sochi RUS"]
[Date "2006.04.21"]
[Round "2"]
[White "Kostin,Alexe"]
[Black "Krutko,A"]
[Result "0-1"]
[WhiteElo "2420"]
[BlackElo "2356"]
[EventDate "2006.04.20"]

1. e4 c5 2. Nf3 e6 3. c3 Nf6 4. e5 Nd5 5. Bc4 d6 6. d4 cxd4 7. cxd4 Nc6 8.
O-O Be7 9. Qe2 O-O 10. a3 Qb6 11. Qe4 Na5 12. Bd3 f5 13. exf6 Nxf6 14. Qh4
Nb3 15. Ra2 Nxc1 16. Rxc1 g6 17. Ng5 Nh5 18. Qg4 Bxg5 19. Qxg5 Qxd4 20. Qe3
Qxe3 21. fxe3 Bd7 22. b4 Rac8 23. Rac2 Nf6 24. Nc3 Ng4 25. Nd1 Ne5 26. Be2
Rxc2 27. Rxc2 Rc8 28. Rxc8+ Bxc8 29. Nc3 Bd7 30. Ne4 d5 31. Nc5 Bc8 32. Kf2
Kf7 33. Ke1 Ke7 34. Kd2 Kd6 35. Kc3 Nd7 36. Nb3 Nf6 37. Bf3 e5 38. h3 h5
39. h4 Bg4 40. Nd2 e4 41. Bxg4 Nxg4 42. Nf1 Ke5 43. Kd2 Nh6 44. g3 Nf5 45.
Kc3 Nxe3 46. Nxe3 d4+ 47. Kd2 dxe3+ 48. Kxe3 b5 0-1

[Event "XIII TCh-RUS 1st League"]
[Site "Sochi RUS"]
[Date "2006.04.21"]
[Round "2"]
[White "Kirillov,Al"]
[Black "Chuprikov,D"]
[Result "0-1"]
[WhiteElo "2116"]
[BlackElo "2377"]
[EventDate "2006.04.20"]

1. d4 d5 2. c4 c6 3. cxd5 cxd5 4. Nc3 Nc6 5. Nf3 Nf6 6. e3 a6 7. Bd3 Bg4 8.
O-O e6 9. Bd2 Bd6 10. a3 O-O 11. h3 Bh5 12. b4 Rc8 13. Be2 Ne4 14. Rc1 f5
15. Nxe4 dxe4 16. Ne5 Bxe2 17. Nxc6 Bxd1 18. Nxd8 Rxc1 19. Bxc1 Rxd8 20.
Rxd1 Rc8 21. Bb2 Rc2 22. Rb1 Kf7 23. Kf1 g6 24. Bc1 b5 25. Ke1 Ke7 26. Bd2
Kd7 27. Kd1 Ra2 28. Rb3 Kc6 29. f4 a5 30. g3 a4 31. Rc3+ Kd5 32. h4 Rb2 33.
Kc1 Rb3 34. Kc2 Rxc3+ 35. Kxc3 Kc6 36. Be1 Kd7 37. Bf2 Ke7 38. Be1 Kf7 39.
Kd2 Kg7 40. Ke2 Kh6 41. Bc3 Kh5 42. Kf2 Kg4 43. Kg2 h6 44. Be1 Be7 45. Bc3
g5 46. hxg5 hxg5 47. Be1 gxf4 48. gxf4 Bf6 49. Bd2 Bh4 50. Bc3 Kh5 51. Kf1
Kg6 52. Be1 Bxe1 53. Kxe1 Kh5 54. Kf2 Kh4 0-1

[Event "XIII TCh-RUS 1st League"]
[Site "Sochi RUS"]
[Date "2006.04.21"]
[Round "2"]
[White "Provotorov,I"]
[Black "Ogloblin,N"]
[Result "1-0"]
[WhiteElo "2333"]
[BlackElo "2415"]
[EventDate "2006.04.20"]

1. c4 c5 2. Nf3 Nf6 3. Nc3 Nc6 4. e3 d5 5. cxd5 Nxd5 6. Bb5 Nxc3 7. bxc3
Bd7 8. O-O g6 9. d4 Bg7 10. a4 cxd4 11. cxd4 O-O 12. Ba3 Rc8 13. Bc5 b6 14.
Ba3 Na5 15. Bb4 Nc4 16. Ba6 Rc7 17. Qe2 Nd6 18. Ne5 Bc8 19. Bd3 Bb7 20. a5
Ne4 21. axb6 axb6 22. Nc4 Rd7 23. Rfb1 Qc7 24. Be1 Rdd8 25. Rxb6 Bd5 26.
Rab1 Rc8 27. R6b4 Rb8 28. Nb6 Bb7 29. Qc2 Qxc2 30. Bxc2 Rbd8 31. Nd7 Rxd7
32. Rxb7 Rxb7 33. Rxb7 Nd6 34. Rxe7 Rc8 35. Bd3 Bf8 36. Rd7 Rc1 37. Kf1 Nb5
38. Rd8 Na7 39. d5 Kg7 40. Ke2 Nc8 41. Bd2 Rc7 42. Ba5 Rc1 43. Kd2 1-0

[Event "XIII TCh-RUS 1st League"]
[Site "Sochi RUS"]
[Date "2006.04.21"]
[Round "2"]
[White "Ionov,S"]
[Black "Vorobiov,E"]
[Result "1/2-1/2"]
[WhiteElo "2519"]
[BlackElo "2540"]
[EventDate "2006.04.20"]

1. d4 Nf6 2. c4 d6 3. Nf3 g6 4. g3 Bg7 5. Bg2 O-O 6. O-O Nbd7 7. Nc3 e5 8.
e4 c6 9. h3 Qa5 10. Re1 exd4 11. Nxd4 Ne5 12. Bf1 Re8 13. Be3 Be6 14. Nxe6
Rxe6 15. Kg2 Rae8 16. a3 Ned7 17. Bd3 Ne5 18. Bf1 Ned7 19. Bd3 Ne5 1/2-1/2

[Event "XIII TCh-RUS 1st League"]
[Site "Sochi RUS"]
[Date "2006.04.21"]
[Round "2"]
[White "Evdokimov,Alexa"]
[Black "Anisimov,P"]
[Result "1/2-1/2"]
[WhiteElo "2486"]
[BlackElo "2500"]
[EventDate "2006.04.20"]

1. d4 Nf6 2. c4 e6 3. Nf3 b6 4. g3 Ba6 5. b3 Bb4+ 6. Bd2 Be7 7. Bg2 c6 8.
O-O O-O 9. Bg5 d5 10. Nbd2 Nbd7 11. Qc2 Rc8 12. e4 dxe4 13. Nxe4 c5 14.
Rad1 Nxe4 15. Bxe7 Qxe7 16. Qxe4 Nf6 17. Qe2 Rfd8 18. Ne5 Bb7 19. Bxb7 Qxb7
20. dxc5 bxc5 21. Rd3 Rxd3 22. Qxd3 Qc7 23. Rd1 h6 24. Qd6 Qb7 25. f3 a5
26. g4 a4 27. bxa4 Qb2 28. Rd2 Qc3 29. Re2 h5 30. h3 h4 31. Kg2 Qc1 32. Qd2
Qxd2 33. Rxd2 Ra8 34. f4 Ne4 35. Rd3 Rxa4 36. Kf3 f5 37. a3 Ra8 38. Ke3 Kh7
39. g5 g6 40. Rd7+ Kg8 41. Rd3 Kg7 42. Rb3 Nd6 43. Kd3 Ra7 44. Kc2 Nf7 45.
Nf3 Nd6 46. Kc3 Ne4+ 47. Kb2 Nd6 48. Ne5 Nf7 49. Nf3 Nd6 50. Ne5 Nf7 51.
Re3 Rb7+ 52. Kc2 Ra7 53. Kb2 Ra6 54. Nf3 Nd6 55. Rc3 Ne4 56. Rb3 Ra7 57.
Ne5 Ng3 58. Nc6 Ra6 59. Rb7+ Kf8 60. Ne5 Ne2 61. Nxg6+ Kg8 62. Ne7+ Kf8 63.
Ng6+ Kg8 64. Ne7+ Kf8 65. g6 Kg7 66. Kb3 Ng1 67. a4 Nxh3 68. a5 Nxf4 69.
Nd5+ Kxg6 70. Nxf4+ Kg5 71. Nd3 Rxa5 72. Rg7+ Kf6 73. Rh7 e5 74. Rxh4 e4
75. Nf2 Ke5 76. Rh8 Ra1 77. Rc8 Rf1 78. Rxc5+ Kf4 79. Nxe4 1/2-1/2

[Event "XIII TCh-RUS 1st League"]
[Site "Sochi RUS"]
[Date "2006.04.21"]
[Round "2"]
[White "Sivokho,S"]
[Black "Kovchan,A"]
[Result "0-1"]
[WhiteElo "2469"]
[BlackElo "2499"]
[EventDate "2006.04.20"]

1. e4 c5 2. Nf3 d6 3. d4 cxd4 4. Nxd4 Nf6 5. Nc3 a6 6. Be3 e5 7. Nb3 Be6 8.
f3 h5 9. Nd5 Bxd5 10. exd5 Nbd7 11. Qd2 Qc7 12. Na5 b6 13. Nc6 Nxd5 14.
Qxd5 Nf6 15. Qb3 Qxc6 16. Qxb6 Qxb6 17. Bxb6 Rb8 18. Ba5 Rxb2 19. Bxa6 d5
20. Kd2 Ba3 21. Bc3 Rb6 22. Rab1 Rxa6 23. Rb8+ Kd7 24. Rxh8 d4 25. Ba1 Bb4+
26. Kd3 Rxa2 27. f4 e4+ 28. Kc4 Bd6 29. Kb3 Ra3+ 30. Kc4 Ra4+ 31. Kb3 Rb4+
32. Ka2 e3 33. g3 Ne4 34. Ra8 Rc4 35. Re1 Rxc2+ 36. Kb3 d3 37. Ra7+ Kc6 38.
Bd4 Nd2+ 0-1

[Event "XIII TCh-RUS 1st League"]
[Site "Sochi RUS"]
[Date "2006.04.21"]
[Round "2"]
[White "Tunik,G"]
[Black "Lanin,A"]
[Result "1-0"]
[WhiteElo "2484"]
[BlackElo "2447"]
[EventDate "2006.04.20"]

1. d4 Nf6 2. c4 e6 3. Nf3 b6 4. g3 Ba6 5. Qb3 Nc6 6. Nbd2 Na5 7. Qc3 d5 8.
cxd5 Nxd5 9. Qc2 c5 10. e4 Bxf1 11. Kxf1 Nb4 12. Qa4+ Qd7 13. Qxd7+ Kxd7
14. Ne5+ Ke8 15. dxc5 f6 16. Nec4 Nxc4 17. Nxc4 Bxc5 18. Be3 Nc2 19. Rc1
Nxe3+ 20. Nxe3 Ke7 21. Ke2 Rhd8 22. Rc4 Rd4 23. Rhc1 Rad8 24. Rxd4 Rxd4 25.
Rc4 Rxc4 26. Nxc4 b5 27. Na5 Bb6 28. Nb3 Kd6 29. f4 f5 30. Nd2 Bd4 31. b3
Bc3 32. Nf3 fxe4 33. Ng5 Kd5 34. Nxh7 a5 35. h4 a4 36. bxa4 bxa4 37. h5 Bb4
38. Ng5 Be7 39. Nf7 Kd4 40. Ne5 Kc3 41. g4 Kb2 42. g5 Kxa2 43. g6 Bf6 44.
Nd7 Bc3 45. h6 a3 46. h7 Kb2 47. h8=Q a2 48. Qa8 a1=Q 49. Qxa1+ Kxa1 50.
Ke3 Kb2 51. Kxe4 Kb3 52. Nc5+ Kc4 53. Nxe6 Bb2 54. f5 Ba1 55. Nc7 Kc5 56.
Ne8 Kc6 57. f6 Kd7 58. fxg7 Bxg7 59. Nxg7 1-0

[Event "XIII TCh-RUS 1st League"]
[Site "Sochi RUS"]
[Date "2006.04.21"]
[Round "2"]
[White "Kuznesov,A"]
[Black "Lovkov,R"]
[Result "1-0"]
[WhiteElo "2324"]
[BlackElo "2371"]
[EventDate "2006.04.20"]

1. e4 c5 2. Nf3 d6 3. d4 cxd4 4. Qxd4 a6 5. c4 Nc6 6. Qd2 Nf6 7. Nc3 g6 8.
b3 Bg7 9. Bb2 O-O 10. h3 Nd7 11. Be2 Nc5 12. O-O a5 13. Bd1 a4 14. Nxa4
Nxa4 15. Bxg7 Kxg7 16. bxa4 Qa5 17. Qb2+ e5 18. Bb3 Qc5 19. Rfd1 Be6 20.
Rac1 Na5 21. Rc2 b6 22. Ne1 Nb7 23. Nd3 Qc6 24. Re1 Nc5 25. Nxc5 Qxc5 26.
Rd2 f5 27. exf5 Rxf5 28. Re3 Rf6 29. Qc3 Raf8 30. Qd3 Bd7 31. Qd5 Qc7 32.
a5 Bc6 33. axb6 Qb7 34. Qa5 Bxg2 35. Qa7 Qxa7 36. bxa7 Ba8 37. c5 dxc5 38.
Rxe5 Rf5 39. Rd7+ Kh6 40. Rxf5 gxf5 41. f4 Kg6 42. Rc7 Rd8 43. Rxc5 Rd7 44.
Ra5 Rd2 45. Be6 Kf6 46. Bxf5 h5 47. Bc8 h4 48. Ra6+ Ke7 49. f5 Kd8 50. Be6
Rd3 51. Rb6 1-0